000 01248nam a2200241Ia 4500
003 Ost
005 20260507074850.0
008 260507s9999||||xx |||||||||||||| ||und||
020 _a9960245198
040 _cfsecg
041 _aara
082 _a519.72
100 _aتايلور الثالث، برنارد
_eمؤلف
245 0 _aمقدمة في علم الإدارة /
_c برنارد تايلور الثالث
260 _aالرياض:
_bدار المريخ للنشر,
_c2007
300 _a637 صفحة؛
_bإيضاحات ؛
_c28 سم
504 _aملاحق ص.1043
520 _aيضم علم الادارة، البرمجة الخطية صياغة النموذج والحل البياني، البرمجة الخطية حل الحاسب وتحليل الحساسية، البرمجة الخطية أمثلة لبناء النماذج، البرمجة غير الكسرية، مشاكل النقل ونقل الشحنات والتخصيص، نماذج تدفق الشبكات، ادارة الشروع، اتخاذ القرار متعدد المعايير، البرمجة غير الخطية.
653 _aالادارة
653 _aالبرمجة الخطية
653 _aدراسة الجدوى
942 _cكتاب
999 _c41568
_d41568